000 00473cam a2200193ua 4500
001 7239
008 141204n ii |||gr||||Z||||||eng
040 _cMAIN
041 _aeng
082 _a320
100 _aSabine, G. H.,
_eAuthor.
245 1 _aA history of political theory
_cBy George H. Sabine
250 _a4th rev.
260 _aNew Delhi:
_bOxford,
_c1973.
300 _a871p.
653 _aPolitical thought
700 _aThorson, T. L.,
_eAuthor.
942 _cBK
999 _c6364
_d6364